000 00264nam a2200109 4500
082 0 _a371.3
245 1 1 _aTeacher's guide for the sight word story books and the primer
250 _aTrial Edition
260 _aKhartoum
_cc.2001
300 _a31 p.
942 _2ddc
_cBK
999 _c64502
_d64476